The art of stencilling / (Record no. 19372)
[ view plain ]
| 000 -LEADER | |
|---|---|
| fixed length control field | 00962cam a2200265 a 4500 |
| 001 - CONTROL NUMBER | |
| control field | 3823666 |
| 005 - DATE AND TIME OF LATEST TRANSACTION | |
| control field | 20170116105213.0 |
| 008 - FIXED-LENGTH DATA ELEMENTS--GENERAL INFORMATION | |
| fixed length control field | 860508r1986 nyua 000 0 eng |
| 010 ## - LIBRARY OF CONGRESS CONTROL NUMBER | |
| LC control number | 86012230 |
| 020 ## - INTERNATIONAL STANDARD BOOK NUMBER | |
| International Standard Book Number | 0517564300 : |
| Terms of availability | $22.50 |
| 043 ## - GEOGRAPHIC AREA CODE | |
| Geographic area code | e-uk-en |
| 050 00 - LIBRARY OF CONGRESS CALL NUMBER | |
| Classification number | NK8667.L4A4 1986 |
| 100 1# - MAIN ENTRY--PERSONAL NAME | |
| Personal name | Le Grice, Lyn. |
| 245 14 - TITLE STATEMENT | |
| Title | The art of stencilling / |
| Remainder of title | by Lyn Le Grice : |
| Statement of responsibility, etc. | foreword by H.R.H. Michael of Kent ; photographs by David Cripps. |
| 250 ## - EDITION STATEMENT | |
| Edition statement | 1st American ed. |
| 260 ## - PUBLICATION, DISTRIBUTION, ETC. (IMPRINT) | |
| Place of publication, distribution, etc. | New York : |
| Name of publisher, distributor, etc. | Clarkson N. Potter : |
| -- | Distributed by Crown Publishers, |
| Date of publication, distribution, etc. | c1986. |
| 300 ## - PHYSICAL DESCRIPTION | |
| Extent | 160 p. : |
| Other physical details | ill. (some col.) ; |
| Dimensions | 28 cm. |
| 600 10 - SUBJECT ADDED ENTRY--PERSONAL NAME | |
| Personal name | Le Grice, Lyn. |
| 650 #0 - SUBJECT ADDED ENTRY--TOPICAL TERM | |
| Topical term or geographic name as entry element | Stencil work |
| Geographic subdivision | England |
| General subdivision | History |
| Chronological subdivision | 20th century. |
| 942 ## - ADDED ENTRY ELEMENTS (KOHA) | |
| Source of classification or shelving scheme | |
| Koha item type | Hard Covered Materials |
| Classification part | NK8667.L4A4 1986 |
| Withdrawn status | Lost status | Source of classification or shelving scheme | Damaged status | Not for loan | Home library | Current library | Shelving location | Date acquired | Source of acquisition | Total Checkouts | Full call number | Barcode | Date last seen | Price effective from | Koha item type |
|---|---|---|---|---|---|---|---|---|---|---|---|---|---|---|---|
| MACHAKOS UNIVERSITY LIBRARY | MACHAKOS UNIVERSITY LIBRARY | Technical section | 16/01/2017 | Donation(BFA) | NK8667.L4A4 1986 | 29603 | 18/07/2018 | 16/01/2017 | Hard Covered Materials |